جامع العلوم والحكم في شرح خمسين حديثا من جوامع الكلم / (رقم التسجيلة. 1150)
[ عرض عادي ]
| 000 -الفاتح | |
|---|---|
| حقل البيانات ثابتة الطول | 01137cam a2200253a 44500 |
| 003 - محدد رقم الضبط | |
| رقم الضبط | OSt |
| 005 - وقت وتاريخ اخر تعامل مع التسجيلة | |
| رقم الضبط | 20150408113726.0 |
| 008 - عناصر البيانات ثابتة الطول - معلومات عامة | |
| حقل البيانات ثابتة الطول | 030308s1997 le g 00000 ara dd |
| 040 ## - مصدر الفهرسة | |
| وكالة الفهرسة الأصلية | mu |
| لغة الفهرسة | ara |
| وكالة النسخ | mb |
| 041 ## - رمز اللغة | |
| رمز لغة النص/ المسارات الصوتية أو العنوان الانفرادي | عربي |
| 072 ## - رمز الفئه الموضوعية | |
| رمز فئه الموضوع | 026 |
| مجموعة رمز فئه الموضوع | الحديث الشريف وعلومه (يشمل السيرة النبوية) |
| 082 04 - رقم تصنيف ديوى العشرى | |
| رقم التصنيف | 237.3 |
| 092 ## - رقم استدعاء ديوى المحلى | |
| رقم التصنيف | 237.3 |
| رقم المادة | ر ز ج |
| 100 1# - المدخل الرئيسى - إسم شخصى | |
| الإسم الشخصى | ابن رجب، عبد الرحمن بن أحمد السلامي، |
| التواريخ المصاحبة للاسم | 795-736 هـ. |
| 9 (RLIN) | 289 |
| 245 10 - بيان العنوان | |
| العنوان | جامع العلوم والحكم في شرح خمسين حديثا من جوامع الكلم / |
| بيان المسئوليه,etc | زين الدين أبو الفرج عبد الرحمن بن شهاب الدين بن أحمد بن رجب الحنبلي البغدادي ؛ اعتنى به حسن أحمد أسبر. |
| 250 ## - بيان الطبعة | |
| بيان الطبعة | ط. 1، جديدة مصححة. |
| 260 ## - PUBLICATION, DISTRIBUTION, ETC. (IMPRINT) | |
| مكان الناشر او الموزع | بيروت |
| اسم الناشر او الموزع | دار الفكر |
| تاريخ النشر أو التوزيع | 19-؟ |
| 300 ## - الوصف المادى | |
| التعداد | 400 ص. ؛ |
| أبعاد الوعاء | 24 سم. |
| 650 ## - المدخل الاضافى بالموضوع-مصطلح موضوعى | |
| مصطلح موضوعي أو اسم جغرافي كعنصر مدخل | الحديث |
| التقسيم الفرعي العام | جمع وتدوين |
| مصدر الرأس أو المصطلح | aucsh. 7 |
| 9 (RLIN) | 343 |
| 650 ## - المدخل الاضافى بالموضوع-مصطلح موضوعى | |
| مصطلح موضوعي أو اسم جغرافي كعنصر مدخل | حديث الأحكام |
| مصدر الرأس أو المصطلح | aucsh.1 |
| 9 (RLIN) | 430 |
| 700 ## - المدخل الاضافى - اسم شخصى | |
| الإسم الشخصى | أسبر، حسن أحمد |
| الدور | معتني.0 |
| 9 (RLIN) | 3008 |
| 740 ## - المدخل الاضافى - عنوان مرتبط/تحليلى غير مقيد | |
| العنوان التحليلي/ الرابط غير مقيد | جوامع الكلم.\\ |
| 942 ## - عناصر المدخل الإضافي( كوها) | |
| مصدر التصنيف او مخطط الترفيف | Dewey Decimal Classification |
| Koha [default] item type | مراجع |
| حالة الفقد | نموذج السعر الفعال | حالة تلف | ليس للاعارة | رقم الطلب | تاريخ الاكتساب | الموقع الحالي | الفرع الرئيسي | Date last seen | نوع المادة فى نظام كوها | مصدر التصنيف او خطة الترفيف | Total Checkouts | الباركود |
|---|---|---|---|---|---|---|---|---|---|---|---|---|
| 2013-03-10 | 237.3 ر ع ج | 2011-08-18 | مكتبة مجمع الطالبات بالمجمعة (EMF) | مكتبة مجمع الطالبات بالمجمعة (EMF) | 2013-03-10 | مراجع | Dewey Decimal Classification | |||||
| 2013-03-10 | 237.3 رع ج | 2011-08-26 | مكتبة مجمع الطالبات بالمجمعة (EMF) | مكتبة مجمع الطالبات بالمجمعة (EMF) | 2013-03-10 | مراجع | Dewey Decimal Classification | 00021110 | ||||
| 2013-03-10 | 237.3 ر ع ج | 2011-09-05 | مكتبة مجمع الطالبات بالمجمعة (EMF) | مكتبة مجمع الطالبات بالمجمعة (EMF) | 2013-03-10 | مراجع | Dewey Decimal Classification | 00032885 | ||||
| 2013-03-10 | 237.3 ر ع ج | 2011-09-06 | مكتبة مجمع الطالبات بالمجمعة (EMF) | مكتبة مجمع الطالبات بالمجمعة (EMF) | 2013-03-10 | مراجع | Dewey Decimal Classification | 00019293 | ||||
| 2013-03-10 | 237.3 ر ع ج | 2011-09-06 | مكتبة مجمع الطالبات بالمجمعة (EMF) | مكتبة مجمع الطالبات بالمجمعة (EMF) | 2013-03-10 | مراجع | Dewey Decimal Classification | 00021791 |
